000 00654cam a2200169 i 4500
005 20260121095006.0
008 250721s1988 ua gr 000 0 ara d
082 1 4 _a327.16
_bس ي د
100 1 _aعليوة، السيد
_eمؤلف.
245 1 0 _aإدارة الصراعات الدولية :
_bدراسة في سياسات التعاون الدولي /
_cد. السيده عليوه.
264 3 1 _aالقاهرة :
_bالهيئة المصرية العامة للكتاب،
_c1988.
300 _a452 صفحه.
650 1 7 _aالعلاقات الدولية.
650 1 7 _aالصراع الدولي.
942 _2ddc
_cBK
999 _c6531
_d6531